[Event "?"]
[Site "ch-ARG s/f, Buenos Aires ARG"]
[Date "2006.??.??"]
[Round "2"]
[White "Demaria, J"]
[Black "Dolezal, Cristian"]
[Result "1-0"]
[WhiteElo "2270"]
[BlackElo "2400"]

1. e4 c5 2. Nf3 e6 3. d4 cxd4 4. Nxd4 a6 5. Bd3 Bc5 6. Nb3 Be7 7. O-O Nc6
8. f4 d5 9. e5 Nh6 10. c3 f5 11. N1d2 Qb6+ 12. Kh1 Ng4 13. Qe2 a5 14. Nf3
a4 15. Nbd4 a3 16. b4 Nxd4 17. Nxd4 Bd7 18. Rb1 O-O 19. h3 Nh6 20. Be3 Rfc8
21. c4 g6 22. cxd5 exd5 23. Qf3 Qd8 24. Qxd5+ Kh8 25. b5 Rc3 26. Ne2 Be6
27. Qxe6 Rxd3 28. Bb6 Qe8 29. Qc4 Rd2 30. Rfc1 Ng8 31. Bd4 Rd8 32. Bc3 R2d3
33. Nd4 Re3 34. Ne6 Rc8 35. Nc7 Qf8 36. b6 Qh6 37. Qf1 Re4 38. Nd5 Rf8 39.
Re1 Qh4 40. Rxe4 fxe4 41. Re1 Nh6 42. Rxe4 Rc8 43. Qd3 Nf5 44. Kh2 Bf8 45.
e6+ Bg7 46. e7 Re8 47. Bxg7+ Kxg7 48. g3 Qh6 49. Qc3+ Kf7 50. Qf6+ Kg8 51.
Nc7 1-0

[Event "?"]
[Site "VIII Rector Cup, Kharkiv UKR"]
[Date "2006.??.??"]
[Round "10"]
[White "Averjanov, Alexey"]
[Black "Simonian, H"]
[Result "1/2-1/2"]
[WhiteElo "2390"]
[BlackElo "2280"]

1. e4 c5 2. Nf3 e6 3. d4 cxd4 4. Nxd4 a6 5. Bd3 Bc5 6. Nb3 Be7 7. Qg4 g6 8.
Qe2 d6 9. c4 Nf6 10. Nc3 Nbd7 11. f4 b6 12. O-O Qc7 13. Bd2 Bb7 14. Rae1 h5
15. h3 1/2-1/2

[Event "?"]
[Site "Masters, Berkeley USA"]
[Date "2005.??.??"]
[Round "8"]
[White "Shivaji, Shivkuma 1"]
[Black "Kustar, Sandor"]
[Result "0-1"]
[WhiteElo "2295"]
[BlackElo "2375"]

1. e4 c5 2. Nf3 e6 3. d4 cxd4 4. Nxd4 a6 5. Bd3 Bc5 6. Nb3 Be7 7. O-O d6 8.
c4 Nf6 9. Nc3 Nbd7 10. f4 b6 11. Be3 Bb7 12. Qf3 Qc7 13. Rad1 g6 14. Qg3 h5
15. Bd4 Rh7 16. e5 h4 17. Qe1 dxe5 18. fxe5 h3 19. Nd5 Nxd5 20. cxd5 Bxd5
21. g3 Bxb3 22. axb3 Bc5 23. Be4 Rd8 24. Qf2 Nxe5 25. Kh1 Rxd4 26. Rxd4 f5
27. Qc2 fxe4 28. Rxe4 Rf7 29. Rfe1 Qb7 30. b4 Bxb4 31. Qa4+ Nc6 32. Rxe6+
Kd7 33. Qd1+ Kc7 34. R1e4 Kb8 35. Qe2 Nd4 36. Qd1 Nxe6 37. Qe2 Nc5 0-1

[Event "?"]
[Site "12th Young Masters, Zug SUI"]
[Date "2005.??.??"]
[Round "3"]
[White "Kurmann, Oliver"]
[Black "Van Delft, Merijn"]
[Result "1/2-1/2"]
[WhiteElo "2285"]
[BlackElo "2385"]

1. e4 c5 2. Nf3 e6 3. d4 cxd4 4. Nxd4 a6 5. Bd3 Bc5 6. Nb3 Be7 7. Qg4 g6 8.
Qe2 d6 9. Be3 Nd7 10. N1d2 Ngf6 11. f4 Qc7 12. g4 b5 13. O-O-O Bb7 14. g5
Nh5 15. Rhf1 O-O 16. Kb1 Nc5 17. Nxc5 dxc5 18. c4 Rfd8 19. cxb5 axb5 20.
Bxb5 Qa5 21. Bc4 Ba6 22. Bxa6 Rxa6 23. a3 Rb8 24. Nc4 Qb5 25. Rf2 Bf8 26.
Qc2 Ra4 27. Rc1 Ra7 28. Rd2 Ra4 29. Ka2 Qa6 30. Rd3 Rab4 31. b3 R4b7 32.
Rcd1 Qa8 33. Rc3 Bg7 34. e5 Rb5 35. Nd6 Ra5 36. Nc4 Ra6 37. Bc1 Bf8 38. a4
Rb4 39. Rd7 Ra7 40. Rxa7 Qxa7 41. Rd3 Qa8 42. Qd1 Qe4 43. Rd8 Rxc4 44. bxc4
Qxc4+ 45. Ka1 Kg7 46. Ra8 Nxf4 47. Bxf4 Qxf4 48. Rxf8 Qxe5+ 49. Ka2 Qxh2+
50. Ka3 Kxf8 1/2-1/2

[Event "?"]
[Site "chT2 HUN"]
[Date "2000.??.??"]
[Round "?"]
[White "Racz, Zoltan"]
[Black "Kubacsny, Laszlo"]
[Result "1-0"]
[WhiteElo "2290"]
[BlackElo "2380"]

1. e4 c5 2. Nf3 e6 3. d4 cxd4 4. Nxd4 a6 5. Bd3 Bc5 6. Nb3 Be7 7. O-O Nc6
8. Qe2 d6 9. Nc3 b5 10. Be3 Nf6 11. a3 Bb7 12. f4 Rc8 13. Bf2 O-O 14. e5
dxe5 15. fxe5 Nd7 16. Bg3 Qc7 17. Rae1 b4 18. Nd5 Qd8 19. Qe4 g6 20. Nxe7+
Qxe7 21. Bh4 Qe8 22. Qf4 bxa3 23. Bf6 Nxf6 24. exf6 Kh8 25. Re3 Rg8 26. Rh3
Qf8 27. Qh4 Rg7 28. fxg7+ Qxg7 29. bxa3 Ne5 30. Qf6 Qxf6 31. Rxf6 Kg7 32.
Rf4 Bd5 33. c4 Bb7 34. Be2 f5 35. Rd4 h5 36. Re3 Kf6 37. Rd6 Rc7 38. Nd4
Bc8 39. c5 Nf7 40. Rc6 1-0

[Event "?"]
[Site "op-A Polanica Zdroj POL"]
[Date "2000.??.??"]
[Round "?"]
[White "Gorin, Leonid"]
[Black "Ciruk, Jerzy"]
[Result "1-0"]
[WhiteElo "2410"]
[BlackElo "2260"]

1. e4 c5 2. Nf3 e6 3. d4 cxd4 4. Nxd4 a6 5. Bd3 Bc5 6. Nb3 Be7 7. O-O d6 8.
c4 Nf6 9. Nc3 Nbd7 10. Re1 Qc7 11. Bf4 e5 12. Bg3 O-O 13. Bf1 Re8 14. f3
Bf8 15. Rc1 Qb8 16. Be2 b6 17. Nd2 Ra7 18. a3 Bb7 19. b4 Ba8 20. Nd5 Bc6
21. Qb3 Rb7 22. Qa2 g6 23. b5 axb5 24. Nb4 Rc7 25. Na6 1-0

[Event "?"]
[Site "EM/MN/017 email ;Corr 2002"]
[Date "2000.??.??"]
[Round "?"]
[White "Giobbi, Costantino"]
[Black "Shikalov, Andrei Viktorovich"]
[Result "1/2-1/2"]
[WhiteElo "2315"]
[BlackElo "2355"]

1. e4 c5 2. Nf3 e6 3. d4 cxd4 4. Nxd4 a6 5. Bd3 Bc5 6. Nb3 Be7 7. O-O d6 8.
c4 Nf6 9. Nc3 Nc6 10. Be3 b6 11. Nd4 Nxd4 12. Bxd4 O-O 13. f3 Qc7 14. Qe2
Nd7 15. f4 Bb7 16. Kh1 Bf6 17. Bxf6 Nxf6 18. Rad1 h6 19. Rd2 Rac8 20. Rfd1
Qc5 21. b3 b5 22. e5 bxc4 23. Bxc4 d5 24. exf6 dxc4 25. fxg7 Kxg7 26. b4
Qf5 27. Rd7 Bc6 28. R7d4 Kh7 29. Rxc4 Rg8 30. Ne4 Bd5 31. Rcd4 Qxf4 32. Ng3
Qg5 33. Rf1 f5 34. Qxa6 Rc1 35. Rxc1 Qxc1+ 36. Qf1 Qxf1+ 37. Nxf1 Bxg2+ 38.
Kg1 Bd5+ 39. Ng3 Bxa2 40. Kf2 Rb8 41. Ke3 Kg6 42. Ne2 e5 43. Rd6+ Kf7 44.
Nc3 Bc4 45. b5 Bxb5 46. Rd5 f4+ 47. Kf2 Bc6 48. Rxe5 Kf6 49. Rh5 Rb2+ 50.
Kg1 Kg7 51. Rc5 Bf3 52. Nd5 Rg2+ 1/2-1/2

[Event "?"]
[Site "FIN Team Ch"]
[Date "1995.??.??"]
[Round "?"]
[White "Pulkkinen, Kari"]
[Black "Vooremaa, Andres"]
[Result "1-0"]
[WhiteElo "2365"]
[BlackElo "2305"]

1. e4 c5 2. Nf3 e6 3. d4 cxd4 4. Nxd4 a6 5. Bd3 Bc5 6. Nb3 Be7 7. Nc3 Nc6
8. f4 d6 9. Qf3 Nf6 10. O-O O-O 11. Qg3 g6 12. Bd2 b5 13. Rae1 b4 14. Nd1
a5 15. Nf2 a4 16. Nc1 Ba6 17. e5 Nd5 18. Qh3 Bxd3 19. Ncxd3 Nd4 20. c3 bxc3
21. bxc3 Nf5 22. g4 Ng7 23. Ne4 f5 24. exf6 Nxf6 25. Ng5 Qc8 26. Nf2 d5 27.
Nd3 Ra6 28. f5 gxf5 29. gxf5 Bc5+ 30. Nxc5 Qxc5+ 31. Be3 Qxc3 32. fxe6 Ngh5
33. Kh1 d4 34. Qg2 Qc6 35. Nf3+ Ng7 36. Bxd4 h6 37. Rg1 Nh5 38. Qxg7+ 1-0

[Event "?"]
[Site "Valle d'Aosta Open 9th"]
[Date "2001.??.??"]
[Round "?"]
[White "Del Rio Angelis, Salvador G"]
[Black "Valenti, Giuseppe"]
[Result "1-0"]
[WhiteElo "2470"]
[BlackElo "2195"]

1. e4 c5 2. Nf3 e6 3. d4 cxd4 4. Nxd4 a6 5. Bd3 Bc5 6. Nb3 Be7 7. O-O d6 8.
c4 Nf6 9. Nc3 Qc7 10. Be3 Nbd7 11. f4 b6 12. Nd2 Bb7 13. Rc1 Rc8 14. Kh1
Qb8 15. Qe2 O-O 16. Bf2 Rfd8 17. Bb1 Bc6 18. Nb3 Re8 19. Bg3 g6 20. h3 Bf8
21. Bh2 Bg7 22. e5 Nh5 23. Rce1 f5 24. exf6 Nhxf6 25. Nd4 Nf8 26. Nxc6 Rxc6
27. Ne4 Nxe4 28. Bxe4 Rcc8 29. h4 b5 30. cxb5 Qxb5 31. Bd3 Qxb2 32. Qxb2
Bxb2 33. Bxa6 Ra8 34. Bb5 Rec8 35. a4 d5 36. g4 Bf6 37. g5 Bc3 38. Rd1 Kf7
39. Bg1 Ke7 40. Rf2 Ba5 41. Re2 Kd6 42. Bh2 Kc5 43. Rc1+ Kb4 44. Rb1+ Kc5
45. Rc2+ Kd4 46. Rd1+ Ke4 47. Re2+ Kf3 48. Rf1+ Kg4 49. Rg2+ Kxh4 50. Bg3+
1-0

[Event "?"]
[Site "Ch qual Rotterdam NED"]
[Date "2000.??.??"]
[Round "?"]
[White "Dambacher, Martyn"]
[Black "Bosboom, Manuel"]
[Result "0-1"]
[WhiteElo "2205"]
[BlackElo "2460"]

1. e4 c5 2. Nf3 e6 3. d4 cxd4 4. Nxd4 a6 5. Bd3 Bc5 6. Nb3 Be7 7. Nc3 b5 8.
Qe2 Bb7 9. Be3 d6 10. a3 Nd7 11. O-O-O Ngf6 12. f4 Rc8 13. e5 dxe5 14. fxe5
Nd5 15. Bd4 Nxc3 16. Bxc3 Rxc3 17. bxc3 Qc7 18. Rde1 Bxa3+ 19. Kd2 Bb2 20.
c4 bxc4 21. Bxc4 Nxe5 22. Bxa6 Qc3+ 23. Kd1 O-O 0-1

[Event "?"]
[Site "Spring Open Budapest HUN"]
[Date "1994.??.??"]
[Round "?"]
[White "Videki, Sandor"]
[Black "Frank, Jozsef"]
[Result "1-0"]
[WhiteElo "2405"]
[BlackElo "2260"]

1. e4 c5 2. Nf3 e6 3. d4 cxd4 4. Nxd4 a6 5. Bd3 Bc5 6. Nb3 Be7 7. Nc3 Nc6
8. O-O Nf6 9. f4 d6 10. Qf3 O-O 11. Bd2 Qc7 12. Rae1 Nb4 13. g4 Nxd3 14.
cxd3 b5 15. Rc1 Qb8 16. g5 Nd7 17. f5 exf5 18. exf5 Bb7 19. Qg3 Kh8 20. Qh3
Kg8 21. f6 Nxf6 22. gxf6 Bxf6 23. Rxf6 gxf6 24. Bh6 Kh8 25. Bxf8 Qxf8 26.
Kf2 Qe7 27. Re1 1-0

[Event "?"]
[Site "14th FAJR Open, Tehran IRI"]
[Date "2006.??.??"]
[Round "4"]
[White "Asgari, M"]
[Black "Bistric, Faruk"]
[Result "1-0"]
[WhiteElo "2235"]
[BlackElo "2430"]

1. e4 c5 2. Nf3 e6 3. d4 cxd4 4. Nxd4 a6 5. Bd3 Bc5 6. Nb3 Be7 7. O-O d6 8.
Qg4 Bf6 9. Nc3 Nc6 10. f4 g6 11. Qe2 Bg7 12. Be3 Nf6 13. Rad1 Qc7 14. Na4
Nd7 15. Qf2 b6 16. Nxb6 Rb8 17. Nxd7 Bxd7 18. f5 Ne5 19. Qh4 Qd8 20. f6 Bf8
21. Kh1 h6 22. Nd4 Rg8 23. Nf3 g5 24. Qg3 Nxd3 25. Rxd3 Bc6 26. Nd4 Bxe4
27. Nxe6 Bxd3 28. Nxd8 Bxf1 29. Nc6 Rc8 30. Qf3 Bc4 31. b3 Be6 32. Nd4 Kd7
33. Qb7+ Rc7 34. Qxa6 Bd5 35. Qb5+ Bc6 36. Qf5+ Ke8 37. Nxc6 1-0

[Event "?"]
[Site "FSIM June Budapest HUN"]
[Date "2001.??.??"]
[Round "?"]
[White "Wang Shuai"]
[Black "Nemeth, Zoltan"]
[Result "1/2-1/2"]
[WhiteElo "2350"]
[BlackElo "2315"]

1. e4 c5 2. Nf3 e6 3. d4 cxd4 4. Nxd4 a6 5. Bd3 Bc5 6. Nb3 Be7 7. O-O d6 8.
c4 Nf6 9. Nc3 b6 10. Be3 Nbd7 11. f4 O-O 12. Qe2 Bb7 13. Kh1 Qc7 14. Rac1
Nc5 15. Nxc5 bxc5 16. a3 Bc6 17. b4 cxb4 18. axb4 Qb7 19. e5 Ne4 20. b5
axb5 21. cxb5 Bd5 22. Nxd5 exd5 23. b6 Rfc8 24. Rxc8+ Qxc8 25. Bd4 dxe5 26.
fxe5 Qc6 27. Qc2 Qxc2 28. Bxc2 Nc5 29. Bxc5 Bxc5 30. Bb3 Bxb6 31. Bxd5 Ra7
32. e6 Kf8 33. exf7 Bd4 1/2-1/2

[Event "?"]
[Site "Raul Castelli Memorial"]
[Date "2001.??.??"]
[Round "?"]
[White "Mela, Benjamin"]
[Black "Diaz, Nahuel"]
[Result "1-0"]
[WhiteElo "2295"]
[BlackElo "2365"]

1. e4 c5 2. Nf3 e6 3. d4 cxd4 4. Nxd4 Qb6 5. Nc3 Bc5 6. Na4 Qa5+ 7. c3 Bxd4
8. Qxd4 Nf6 9. Nc5 Nc6 10. Qe3 Qb6 11. f3 O-O 12. Bd3 Ne5 13. Be2 Qc7 14.
Qf2 d5 15. Bg5 b6 16. Bxf6 gxf6 17. Nd3 dxe4 18. Qg3+ Kh8 19. Nxe5 fxe5 20.
fxe4 Bb7 21. Bd3 f5 22. O-O-O Rg8 23. Qh4 Raf8 24. Rhf1 Rxg2 25. exf5 e4
26. Qh6 Qg7 27. Qxg7+ Rxg7 28. fxe6 Rxf1 29. Bxf1 h6 30. Bh3 h5 31. Bf5 Rg5
32. e7 Bc6 33. Bxe4 1-0

[Event "?"]
[Site "Team Ch Sweden"]
[Date "1999.??.??"]
[Round "?"]
[White "Thoren, Per"]
[Black "Faibisovich, Vadim Z"]
[Result "0-1"]
[WhiteElo "2260"]
[BlackElo "2400"]

1. e4 c5 2. Nf3 e6 3. d4 cxd4 4. Nxd4 a6 5. Bd3 Bc5 6. Nb3 Be7 7. Qg4 g6 8.
Nc3 d6 9. f4 Nd7 10. O-O Ngf6 11. Qf3 Qc7 12. Bd2 b6 13. Rae1 Bb7 14. Qe2
h5 15. a4 h4 16. Rf2 h3 17. g3 Nc5 18. Nxc5 Qxc5 19. b4 Qh5 20. Qe3 Nd7 21.
Be2 Qh7 22. Bf3 Rc8 23. Nd5 exd5 24. exd5 f5 25. Rfe2 Kd8 26. Qxe7+ Qxe7
27. Rxe7 Rxc2 28. R7e2 Nf6 29. Re6 Ne4 30. Be3 Bxd5 31. Rxg6 Kd7 32. Rd1
Nc3 33. Rxd5 Nxd5 34. Bxd5 Re8 35. Rg7+ Kc8 36. Rg8 Rxg8 37. Bxg8 Rg2+ 38.
Kh1 Kd7 39. Bxb6 Rb2 40. b5 axb5 41. axb5 Rxb5 42. Bg1 d5 43. Bh7 Ke6 44.
Bg8+ Kd6 45. Bh7 Ke6 46. Bg8+ Kf6 47. Bd4+ Kg6 48. Kg1 Rb1+ 49. Kf2 Rh1 50.
Bxd5 Rxh2+ 51. Ke3 Rc2 52. g4 h2 53. gxf5+ Kxf5 54. Be4+ Kg4 55. Bxc2 h1=Q
56. f5 Qc1+ 57. Kd3 Kxf5 58. Be3 Qa3+ 59. Kd2+ Ke5 60. Bd3 Qb2+ 61. Kd1 Qc3
62. Ke2 Kd5 63. Bd2 Qb2 64. Ke3 Qe5+ 65. Kf2 Kd4 66. Be2 Qf5+ 67. Ke1 Qc2
68. Bf4 Ke4 69. Bd2 Qb1+ 70. Kf2 Qb6+ 71. Kf1 Qd4 72. Be1 Qa1 73. Kf2 Qf6+
74. Kg1 Ke3 75. Bf1 Qg6+ 76. Bg2 Qb1 77. Kf1 Qd3+ 78. Kg1 Qd1 0-1

[Event "?"]
[Site "Dake Mem, McMinnville USA"]
[Date "2004.??.??"]
[Round "5"]
[White "Anka, Emil"]
[Black "Van Meter, Lester"]
[Result "1-0"]
[WhiteElo "2420"]
[BlackElo "2240"]

1. e4 c5 2. Nf3 e6 3. d4 cxd4 4. Nxd4 a6 5. Bd3 Bc5 6. Nb3 Be7 7. Qg4 g6 8.
Qe2 Qc7 9. O-O Nc6 10. c4 d6 11. Nc3 Ne5 12. Be3 Nf6 13. Rac1 b6 14. Nd2
Nxd3 15. Qxd3 Bb7 16. Na4 Nd7 17. Nxb6 Nxb6 18. Qd4 O-O 19. Qxb6 Qxb6 20.
Bxb6 f5 21. Rfe1 Bg5 22. Be3 Bf6 23. Bf4 e5 24. Be3 fxe4 25. Bh6 Rfc8 26.
Nxe4 Bxe4 27. Rxe4 d5 28. cxd5 g5 29. Rec4 Rxc4 30. Rxc4 Kf7 31. Rc7+ Kg6
32. Rc6 Rd8 33. g4 Rxd5 34. h4 Kxh6 35. Rxf6+ Kg7 36. Rxa6 Rd4 37. hxg5
Rxg4+ 38. Kh2 Rxg5 39. Ra3 Kf6 40. Rg3 Rf5 41. Kg2 Ke6 42. a4 Rf7 43. Ra3
Rb7 44. Ra2 Rg7+ 45. Kh3 Rf7 46. Kg2 Rg7+ 47. Kf1 h5 48. a5 h4 49. a6 h3
50. a7 h2 51. a8=Q Rg1+ 52. Ke2 h1=Q 53. Ra6+ 1-0

[Event "?"]
[Site "Capablanca Memorial Mixto"]
[Date "1999.??.??"]
[Round "?"]
[White "Delgado Crespo, Mairelys"]
[Black "Alvarez, Jose"]
[Result "1/2-1/2"]
[WhiteElo "2295"]
[BlackElo "2365"]

1. e4 c5 2. Nf3 e6 3. d4 cxd4 4. Nxd4 Qb6 5. Nc3 Bc5 6. Na4 Qa5+ 7. c3 Bxd4
8. Qxd4 Nf6 9. Bf4 Nc6 10. Qc4 Ne5 11. Qd4 Nc6 12. Qc4 b6 13. b3 Bb7 14. f3
d5 15. exd5 Nxd5 16. Bd2 Nc7 17. Qf4 O-O-O 18. c4 Qh5 19. Qg5 Qxg5 20. Bxg5
f6 21. Be3 Nb4 22. Kf2 Bc6 23. Nc3 e5 24. Rc1 Kb7 1/2-1/2

[Event "?"]
[Site "Spring Open Budapest HUN"]
[Date "1994.??.??"]
[Round "?"]
[White "Feher, Gyula"]
[Black "Frank, Jozsef"]
[Result "1-0"]
[WhiteElo "2400"]
[BlackElo "2260"]

1. e4 c5 2. Nf3 e6 3. d4 cxd4 4. Nxd4 a6 5. Bd3 Bc5 6. Nb3 Be7 7. O-O Nc6
8. c4 d6 9. Nc3 Nf6 10. Be3 O-O 11. Rc1 Bd7 12. f4 Qb8 13. Qf3 Nb4 14. Bb1
b5 15. c5 e5 16. a3 Nc6 17. Nd5 Re8 18. cxd6 Qxd6 19. Bc5 Qb8 20. Bxe7 Nxe7
21. Nc7 Bg4 22. Qg3 exf4 23. Qxf4 Ng6 24. Qg3 Nxe4 25. Bxe4 Rxe4 26. Nxa8
Qxa8 27. Nc5 Rd4 28. b4 Be2 29. Rf2 Bc4 30. h3 a5 31. Qe3 Qd5 32. Qf3 Qd6
33. Re1 axb4 34. Qa8+ Nf8 35. axb4 h6 36. Qe8 Rd1 37. Qe3 Ne6 38. Rxd1
Qxd1+ 39. Kh2 Qd6+ 40. Qg3 Qd5 41. Nxe6 Qxe6 42. Rd2 Qe7 43. Qd6 Qxd6+ 44.
Rxd6 Kf8 45. Rd7 g6 46. Kg3 Kg7 47. Rd6 g5 48. Kf3 h5 49. g3 f6 50. Ke4 Kg6
51. h4 Bf1 52. Rd2 Bc4 53. Rd1 Be6 54. Rc1 Bg4 55. Rc5 Bd7 56. Kd5 Bh3 57.
Rxb5 Kf5 58. Rb6 Bg2+ 59. Kd4 gxh4 60. gxh4 Kg4 61. Rxf6 Kxh4 62. b5 Kh3
63. b6 h4 64. Ke3 Kh2 65. Kf2 h3 66. Rg6 Kh1 67. Kg3 1-0

[Event "?"]
[Site "Essent Open Hoogeveen NED ;The"]
[Date "2004.??.??"]
[Round "3"]
[White "Swinkels, Robin"]
[Black "Loeffler, Stefan"]
[Result "1/2-1/2"]
[WhiteElo "2230"]
[BlackElo "2430"]

1. e4 c5 2. Nf3 e6 3. d4 cxd4 4. Nxd4 Qb6 5. Nc3 Bc5 6. Na4 Qa5+ 7. c3 Bxd4
8. Qxd4 Nf6 9. Nc5 Nc6 10. Qd6 b6 11. Nb3 Qa4 12. f3 Ba6 13. Bxa6 Qxa6 14.
Bf4 Nh5 15. O-O-O Rd8 16. Bg5 f6 17. Bd2 Ne5 18. Kb1 Qe2 19. g4 Nf4 20. Nd4
Qd3+ 21. Ka1 Nc4 22. Bxf4 Qxd1+ 23. Rxd1 Nxd6 24. Bxd6 Kf7 25. f4 h5 26. g5
h4 27. Nf3 Rc8 28. Rd4 Rc6 29. Kb1 Kg6 30. Kc2 Kh5 31. h3 e5 32. Rd5 Re8
33. gxf6 gxf6 34. fxe5 fxe5 35. Nxe5 Rxd6 36. Rxd6 Rxe5 37. Rxd7 Rxe4 38.
Kd3 Ra4 39. a3 Kg5 40. Rd5+ Kf4 41. Rd4+ Rxd4+ 42. cxd4 b5 43. b4 a6 44.
Kd2 Ke4 45. Kc3 Kf5 46. Kd3 Kf4 47. d5 Ke5 48. d6 Kxd6 49. Kd4 a5 50. bxa5
Kc6 51. Kc3 Kb7 52. Kb3 Ka7 1/2-1/2

[Event "?"]
[Site "FS08 GM Budapest HUN"]
[Date "2000.??.??"]
[Round "?"]
[White "Rajlich, Vasik G"]
[Black "Fogarasi, Tibor"]
[Result "0-1"]
[WhiteElo "2205"]
[BlackElo "2455"]

1. e4 c5 2. Nf3 e6 3. d4 cxd4 4. Nxd4 a6 5. Bd3 Bc5 6. Nb3 Be7 7. O-O d6 8.
f4 Nc6 9. f5 Nf6 10. Nc3 O-O 11. g4 Nd7 12. g5 Bxg5 13. fxe6 fxe6 14. Qg4
Rxf1+ 15. Bxf1 Nde5 16. Bxg5 Qb6+ 0-1

[Event "?"]
[Site "Beach Millennium Open"]
[Date "2001.??.??"]
[Round "?"]
[White "Taffinder, Douglas"]
[Black "Stripunsky, Alexander"]
[Result "0-1"]
[WhiteElo "2165"]
[BlackElo "2495"]

1. e4 c5 2. Nf3 e6 3. d4 cxd4 4. Nxd4 Qb6 5. Nc3 Bc5 6. Be3 Nc6 7. Na4 Qa5+
8. c3 Bxd4 9. Bxd4 Nxd4 10. Qxd4 e5 11. Qc4 d6 12. Qb5+ Qxb5 13. Bxb5+ Ke7
14. O-O-O Be6 15. b3 Rc8 16. Rd3 Nf6 17. Re1 a6 18. Nb6 axb5 19. Nxc8+ Rxc8
20. Kb2 g5 21. f3 Ra8 22. a3 Nd7 23. Red1 Ra6 24. Re3 Nc5 25. b4 Na4+ 26.
Kc2 Nb6 27. Ree1 h5 28. g3 Ra8 29. h4 gxh4 30. gxh4 Nc4 31. Ra1 f6 32. Rg1
d5 33. Rg7+ Bf7 34. exd5 Ne3+ 35. Kd3 Nxd5 36. Rgg1 Rd8 37. Ke2 Nf4+ 0-1

[Event "?"]
[Site "JUG Ch U20"]
[Date "2001.??.??"]
[Round "?"]
[White "Popovic, Dusan"]
[Black "Prelevic, Dusko"]
[Result "1-0"]
[WhiteElo "2275"]
[BlackElo "2385"]

1. e4 c5 2. Nf3 e6 3. d4 cxd4 4. Nxd4 Bc5 5. Nc3 Qb6 6. Na4 Qa5+ 7. c3 Bxd4
8. Qxd4 e5 9. Qc5 Qxc5 10. Nxc5 Nf6 11. f3 d6 12. Nb3 Nc6 13. Bg5 h6 14.
Bh4 Be6 15. O-O-O Ke7 16. Kb1 a6 17. Be2 Rhd8 18. Rd2 g5 19. Bf2 Bxb3 20.
axb3 d5 21. exd5 Nxd5 22. Rhd1 Nf4 23. Bf1 Rxd2 24. Rxd2 Rd8 25. Rxd8 Nxd8
26. b4 f5 27. Kc2 h5 28. Kb3 Kd6 29. b5 axb5 30. Kb4 e4 31. fxe4 fxe4 32.
Kxb5 Nd3 33. Be3 Nxb2 34. Bxg5 Ne6 35. Bc1 Nd1 36. Kc4 h4 37. Be2 b5+ 38.
Kb3 Nf2 39. Bxb5 Ke5 40. Kc2 Nf4 41. g3 hxg3 42. hxg3 Nh5 43. Be3 Ng4 44.
Bb6 Kd6 45. Be2 Nhf6 46. c4 Ne5 47. Bd4 Nfg4 48. Kc3 Nf3 49. Bd1 Nh6 50.
c5+ Kc7 51. Be3 Ng4 52. Bf4+ Kc6 53. Kc4 Kd7 54. Kb5 Nge5 55. Ba4 Kc8 56.
Kb6 Nc4+ 57. Kc6 e3 58. Bd1 Ng1 59. Bg4+ Kd8 60. Kd5 e2 61. Bxe2 1-0

[Event "?"]
[Site "Open Zadar CRO ;The Week in Ch"]
[Date "2004.??.??"]
[Round "6"]
[White "Mihalinec, D"]
[Black "Rogic, Davor"]
[Result "0-1"]
[WhiteElo "2175"]
[BlackElo "2480"]

1. e4 c5 2. Nf3 e6 3. d4 cxd4 4. Nxd4 a6 5. Bd3 Bc5 6. Nb3 Be7 7. a4 d6 8.
O-O Nf6 9. f4 Nc6 10. Qe1 Qc7 11. Kh1 b6 12. Be3 Bb7 13. Na3 Nb8 14. Bd4
Nbd7 15. Nc4 Qc6 16. Qf2 Nxe4 17. Bxe4 Qxe4 18. Nxb6 Nxb6 19. Bxb6 O-O 20.
Rfe1 Qd5 21. Rad1 Bh4 22. Qg1 Qf5 23. Re2 Rac8 24. Rxd6 Qxf4 25. Rd4 Qh6
26. Nc5 Ba8 27. Nxa6 Rc6 28. a5 e5 29. Rde4 Bg3 30. Nc7 Rf6 31. h3 Bc6 32.
c4 Bxe4 33. Rxe4 Qd2 34. Nd5 Re6 35. Rg4 Be1 36. Re4 Bg3 37. Rg4 Qd3 38.
Qe3 Qd1+ 39. Qg1 Qxg4 40. hxg4 Rh6+ 41. Qh2 Rxh2+ 42. Kg1 Rh4 43. a6 Rxg4
44. b3 Re4 45. Bf2 Bxf2+ 46. Kxf2 Ra8 47. Kf3 f5 0-1

[Event "?"]
[Site "RUS-chT1 women"]
[Date "2002.??.??"]
[Round "?"]
[White "Pogonina, Natalija"]
[Black "Kursova, Maria"]
[Result "1/2-1/2"]
[WhiteElo "2395"]
[BlackElo "2260"]

1. e4 c5 2. Nf3 e6 3. d4 cxd4 4. Nxd4 a6 5. Bd3 Bc5 6. Nb3 Be7 7. O-O d6 8.
f4 Nc6 9. Nc3 Nf6 10. Qf3 O-O 11. Bd2 Qc7 12. Rae1 Re8 13. Kh1 Nd7 14. Qh3
Nf8 15. Qg3 b5 16. f5 Kh8 17. fxe6 fxe6 18. Rf7 g6 19. Bg5 Qd8 20. Bxe7
Rxe7 21. Rf2 Ne5 22. Ref1 Re8 23. Nd4 Nfd7 24. Qh3 Qe7 25. Nce2 Kg8 26. Nf4
Nc5 27. b4 Nexd3 28. cxd3 e5 29. Qh6 exf4 30. bxc5 dxc5 31. Ne2 Qg7 32.
Qxf4 Be6 33. Qd6 c4 34. d4 Bg4 35. Qd5+ Be6 36. Qg5 Kh8 37. e5 Bg8 38. Rf6
b4 39. Nf4 Rf8 40. d5 c3 41. Re1 c2 42. Nd3 b3 43. axb3 Bxd5 44. b4 Bc4 45.
Nf2 Rae8 46. Rxf8+ Qxf8 47. Qd2 Qf5 48. Qd4 Be6 1/2-1/2

[Event "?"]
[Site "Lasker Mem A, Barlinek POL"]
[Date "2006.??.??"]
[Round "2"]
[White "Owczarzak, Jerzy"]
[Black "Szymczak, Zbigniew"]
[Result "1/2-1/2"]
[WhiteElo "2380"]
[BlackElo "2275"]

1. e4 c5 2. Nf3 e6 3. d4 cxd4 4. Nxd4 a6 5. Bd3 Bc5 6. Nb3 Be7 7. c4 d6 8.
Nc3 Nf6 9. O-O O-O 10. Be3 b6 11. f3 Bb7 12. Qd2 Nbd7 13. Qf2 Qc7 14. Rfd1
1/2-1/2

[Event "?"]
[Site "Canadian Open, Kitchener CAN"]
[Date "2006.??.??"]
[Round "5"]
[White "Swathi, Ghate"]
[Black "Mikanovic, Goran"]
[Result "0-1"]
[WhiteElo "2375"]
[BlackElo "2280"]

1. e4 c5 2. Nf3 e6 3. d4 cxd4 4. Nxd4 a6 5. Bd3 Bc5 6. Nb3 Be7 7. c4 d6 8.
Nc3 Qc7 9. Be3 Nd7 10. O-O Ngf6 11. f4 b6 12. Qe2 Bb7 13. Rae1 O-O 14. Bf2
g6 15. Kh1 Nh5 16. Be3 Bh4 17. Rc1 Rac8 18. Nd4 Bf6 19. Qd2 Bg7 20. b4 Qb8
21. Nb3 Rfe8 22. Rfd1 Bf8 23. a3 Nhf6 24. Qe2 Qa8 25. Nd2 Be7 26. Bc2 b5
27. Bd3 bxc4 28. Bxc4 d5 29. Bb3 dxe4 30. Bd4 Rc7 31. Bxf6 Nxf6 32. Ncxe4
Rxc1 33. Nxf6+ Bxf6 34. Rxc1 Rd8 35. Nc4 Rd4 36. Rf1 Qd8 37. Na5 Be4 38.
Bc2 Bxc2 39. Qxc2 Qd5 40. Qc8+ Kg7 41. Qxa6 Rd2 42. Qc6 Rd1 43. Qa6 Qd2 44.
h3 Qc1 45. Rxd1 Qxd1+ 46. Kh2 Bd4 47. h4 Bg1+ 48. Kg3 h5 0-1

[Event "?"]
[Site "Ralston MI San Francisco, CA U"]
[Date "2003.??.??"]
[Round "?"]
[White "Shivaji, Shivkuma 1"]
[Black "Ilic, Zoran"]
[Result "1-0"]
[WhiteElo "2280"]
[BlackElo "2375"]

1. e4 c5 2. Nf3 e6 3. d4 cxd4 4. Nxd4 a6 5. Bd3 Bc5 6. Nb3 Be7 7. Qg4 g6 8.
Qe2 d6 9. O-O Nd7 10. f4 Qc7 11. Bd2 Ngf6 12. Nc3 O-O 13. Rae1 e5 14. a4 b6
15. Kh1 Bb7 16. fxe5 Nxe5 17. Bg5 Nfg4 18. Bf4 Rfe8 19. h3 Nxd3 20. cxd3
Ne5 21. Rc1 Qd8 22. d4 Nd7 23. Qf2 Bh4 24. Qf3 f5 25. Nd2 Bf6 26. Qd3 fxe4
27. Ndxe4 Bxe4 28. Nxe4 d5 29. Bc7 Qe7 30. Nd6 Qe3 31. Qc2 Re6 32. Qc6 1-0

[Event "?"]
[Site "34th World Open, Philadelphia USA"]
[Date "2006.??.??"]
[Round "4"]
[White "Habu, Yoshiharu"]
[Black "Cadman, Chuck"]
[Result "1-0"]
[WhiteElo "2380"]
[BlackElo "2270"]

1. e4 c5 2. Nf3 e6 3. d4 cxd4 4. Nxd4 a6 5. Bd3 Bc5 6. Nb3 Be7 7. O-O d6 8.
Qg4 g6 9. Qe2 Nd7 10. Nc3 Qc7 11. Kh1 b6 12. f4 Ngf6 13. Nd4 h5 14. Nf3 Bb7
15. e5 Ng4 16. exd6 Bxd6 17. Ne4 Bxf4 18. Bxf4 Qxf4 19. Rae1 Nc5 20. Nxc5
bxc5 21. Bxg6 O-O-O 22. Bd3 Kc7 23. Qd2 Qd6 24. Qa5+ Kb8 25. Be4 f5 26.
Bxb7 Kxb7 27. b4 cxb4 28. Rb1 Ka7 29. Rxb4 Ne3 30. Nd4 Rb8 31. Rxb8 Rxb8
32. Qd2 Nc4 33. Qf2 Qb6 34. Nc6+ 1-0

[Event "?"]
[Site "(championnat)"]
[Date "2003.??.??"]
[Round "?"]
[White "Kucherenko, Daniil"]
[Black "Arzumanian, Georgy"]
[Result "0-1"]
[WhiteElo "2225"]
[BlackElo "2425"]

1. e4 c5 2. Nf3 e6 3. d4 cxd4 4. Nxd4 a6 5. Bd3 Bc5 6. Nb3 Be7 7. O-O d6 8.
Qg4 g6 9. Qe2 Nc6 10. c4 Nf6 11. Bh6 e5 12. Bg7 Rg8 13. Bxf6 Bxf6 14. Nc3
Be6 15. Nd5 Kf8 16. Qd2 Bg5 17. Qc3 Rc8 18. a4 a5 19. Be2 Bxd5 20. exd5 Nb4
21. Rad1 b6 22. Nc1 Bxc1 23. Qxc1 Kg7 24. f4 f5 25. fxe5 dxe5 26. b3 Qd6
27. Qg5 Rgf8 28. g3 Nc2 29. Rd3 Nb4 30. Rd2 Qc5+ 31. Kh1 h6 32. Qh4 Qd6 33.
Qh3 Na6 34. Bd1 Nc5 35. Qg2 Rce8 36. Re2 Re7 37. Bc2 Na6 38. h4 Nc5 39. Qh3
e4 40. Rfe1 Qe5 41. Rf1 f4 42. gxf4 Rxf4 43. Rxf4 Qxf4 44. Qc3+ Kh7 45. Qe1
Re5 46. Kg1 g5 47. hxg5 Rxg5+ 48. Rg2 Rxg2+ 49. Kxg2 Qf3+ 50. Kh2 Kg6 51.
Qd2 Kf5 52. Qe1 Nd7 53. Bd1 Qf4+ 54. Kg1 Ne5 55. Qf2 Qxf2+ 56. Kxf2 Kf4 57.
Bh5 Nd3+ 58. Kf1 Nc5 59. Ke1 Nxb3 0-1